Poptávka po oběživu
Faktory dopytu po hotových peniazoch. Vývoj obeživa a maloobchodných tržieb v ČR. Ekonometrická analýza. Použitie lineárnej regresie pre kvantifikáciu vzťahu obeživa, tržieb, úrokových sadzieb a očakávanej inflácie - odhad modelu. Stabilita modelu v čase. Výsledky odhadu.
Gespeichert in:
| 1. Verfasser: | |
|---|---|
| Format: | Buchkapitel |
| Sprache: | Tschechisch |
| Schlagworte: | |
| Tags: |
Keine Tags, Fügen Sie das erste Tag hinzu!
|
MARC
| LEADER | 00000naa a2200000 4500 | ||
|---|---|---|---|
| 001 | r040369 | ||
| 005 | 20231003121607.8 | ||
| 041 | 0 | |a cze | |
| 044 | |a CZ | ||
| 245 | 1 | 0 | |a Poptávka po oběživu |c Daniel Kozel |
| 520 | |a Faktory dopytu po hotových peniazoch. Vývoj obeživa a maloobchodných tržieb v ČR. Ekonometrická analýza. Použitie lineárnej regresie pre kvantifikáciu vzťahu obeživa, tržieb, úrokových sadzieb a očakávanej inflácie - odhad modelu. Stabilita modelu v čase. Výsledky odhadu. | ||
| 610 | 2 | 0 | |a obeživo |
| 610 | 2 | 0 | |a dopyt |
| 610 | 2 | 0 | |a teórie ekonomické |
| 610 | 2 | 0 | |a analýza ekonometrická |
| 610 | 2 | 0 | |a modely |
| 610 | 2 | 0 | |a regresia |
| 610 | 2 | 0 | |a rady časové |
| 610 | 2 | 0 | |a Česko |
| 100 | 1 | |a Kozel, Daniel | |